000
00349 a2200169 4500
001
172505
020
_a
85-08-04191-8
040
_c
Magnum
100
_a
Rocha, Ruth
240
1
0
_a
Eugênio, o gênio
_l
por
245
1
0
_a
Eugênio, o gênio
300
_a
32
362
0
_a
1994
440
1
_a
Ática
697
_a
LITERATURA INFANTO
942
_c
BK
999
_c
172505
_d
172505